Sports Quiz

Random Sports or Soccer Quiz

Europa League Winners Quiz Stats

 Plays Quiz Updated Nov 13, 2018

Score 0/48 Timer 05:00
1 Play Today
Year Winner % Correct
2019Chelsea
96.6%
2017Manchester United
95%
2013Chelsea
90.7%
2016Sevilla FC
88.2%
2018Atlético Madrid
87.6%
2014Sevilla FC
87.3%
1973Liverpool
87%
1976Liverpool
87%
2001Liverpool
87%
2015Sevilla FC
86.9%
2011Porto
86.5%
1991Internazionale
84.3%
1994Internazionale
84.3%
1998Internazionale
84.3%
1992Ajax
83.1%
2003Porto
80.5%
1977Juventus
80.5%
1990Juventus
80.5%
1992Juventus
80.5%
2006Sevilla FC
78%
2007Sevilla FC
78%
2012Atlético Madrid
77.1%
1985Real Madrid
73.3%
1986Real Madrid
73.3%
Year Winner % Correct
1996Bayern Munich
70.3%
1978PSV
68.6%
2004Valencia
66.6%
2008Zenit St. Petersburg
63.1%
1972Tottenham Hotspur
59.5%
1984Tottenham Hotspur
59.5%
1974Feyenoord
59.1%
2002Feyenoord
59.1%
2000Galatasaray
58%
2010Atlético Madrid
55.7%
1989Napoli
51.7%
2005CSKA Moscow
51.4%
2009Shakhtar Donetsk
47.4%
1995Parma
47.1%
1999Parma
47.1%
1983Anderlecht
44.3%
1997Schalke 04
44.2%
1988Bayer Leverkusen
36.4%
1982IFK Göteborg
32.6%
1987IFK Göteborg
32.6%
1975Borussia Mönchengladbach
28.8%
1979Borussia Mönchengladbach
28.7%
1981Ipswich Town
25.3%
1980Eintracht Frankfurt
11.9%

You're not logged in!

Compare scores with friends on all Sporcle quizzes.
OR
Log In

Sporcle TV

Today on Sporcle TV


Watch our educational content, quiz creation guides, and fun videos on Sporcle TV.

Show Comments

Extras

Top Quizzes Today


Score Distribution

Your Account Isn't Verified!

In order to create a playlist on Sporcle, you need to verify the email address you used during registration. Go to your Sporcle Settings to finish the process.

Report this User

Report this user for behavior that violates our Community Guidelines.

Details: